Esparta y sus problemas sociales / (Record no. 111279)

MARC details
000 -LEADER
campo de control de longitud fija 00698nam a2200217 4500
001 - NÚMERO DE CONTROL
campo de control 111279
003 - IDENTIFICADOR DE NÚMERO DE CONTROL
campo de control ES-MaACL
005 - FECHA Y HORA DE LA ÚLTIMA TRANSACCIÓN
campo de control 20250809045451.0
007 - CAMPO FIJO DE DESCRIPCIÓN FÍSICA--INFORMACIÓN GENERAL
campo de control de longitud fija t|
008 - DATOS DE LONGITUD FIJA--INFORMACIÓN GENERAL
campo de control de longitud fija 061121s1983 sp r ||||1| spa d
020 ## - NÚMERO INTERNACIONAL ESTÁNDAR DEL LIBRO
Número Internacional Estándar del Libro 84-7339-675-8
100 1# - ENTRADA PRINCIPAL--NOMBRE DE PERSONA
Nombre de persona Oliva, Pavel.
9 (RLIN) 86733
245 10 - MENCIÓN DEL TÍTULO
Título Esparta y sus problemas sociales /
Mención de responsabilidad, etc. Pavel Oliva ; traducción de Marina Picaso.
260 ## - PUBLICACIÓN, DISTRIBUCIÓN, ETC.
Lugar de publicación, distribución, etc. Madrid :
Nombre del editor, distribuidor, etc. Akal,
Fecha de publicación, distribución, etc. 1983.
300 ## - DESCRIPCIÓN FÍSICA
Extensión 342 p., 16 lám. ;
Dimensiones 22 cm.
490 1# - MENCIÓN DE SERIE
Mención de serie Akal universitaria. historia antigua ;
Designación de volumen o secuencia 56
700 1# - ENTRADA AGREGADA--NOMBRE PERSONAL
Nombre de persona Picaso, Marina.
9 (RLIN) 91791
830 00 - PUNTO DE ACCESO ADICIONAL DE SERIE-TÍTULO UNIFORME
Título uniforme Akal universitaria.
Nombre de parte o sección de la obra Historia antigua
Designación de volumen o secuencia 56
9 (RLIN) 233059
852 ## - LOCALIZACIÓN
Ubicación ES-MaACL
Número de control de estantería L-10055
Sublocalización o colección R.112135
Holdings
Estatus retirado Estado de pérdida Estado de daño No para préstamo Biblioteca de origen Biblioteca actual Ubicación en estantería Fecha de adquisición Fuente de adquisición Total de préstamos Signatura topográfica completa Código de barras Visto por última vez Precio de reemplazo Tipo de ítem Koha
        Biblioteca del Ateneo de Madrid Biblioteca del Ateneo de Madrid Depósito 2 17/01/2008     L-10055 1116098 23/02/2023 23/02/2023 Libro impreso